| 000 | 00699nam a2200181Ia 4500 | ||
|---|---|---|---|
| 008 | 090124s9999 xx 000 0 und d | ||
| 082 | _b100112 | ||
| 100 | _aगडकरी राम गणेश (गोविंदाग्रज) | ||
| 245 | _a संगीत प्रेमसंन्यास | ||
| 250 | _a1 | ||
| 260 | _c1913 | ||
| 300 | _a150+16 | ||
| 600 | _aगडकरी राम गणेश (गोविंदाग्रज) | ||
| 630 | _a संगीत प्रेमसंन्यास | ||
| 700 | _aगडकरी राम गणेश (गोविंदाग्रज) | ||
| 730 | _a संगीत प्रेमसंन्यास | ||
| 942 | _cBOOK | ||
| 999 |
_c146183 _d146183 |
||